| 000 | 00586nam a22002057a 4500 | ||
|---|---|---|---|
| 003 | OSt | ||
| 005 | 20140310183010.0 | ||
| 008 | 130211t xxu||||| |||| 00| 0 eng d | ||
| 020 | _a9715740405 | ||
| 050 |
_aLB 1584 _b.So698 2002 |
||
| 100 | _aSongco, Evelyn A. et. al. | ||
| 245 |
_aTeaching strategies in the social sciences for elementary grades / _cEvelyn A. Songco ...[et al.]. |
||
| 260 |
_aQuezon City : _bKatha Publishing, _c2002. |
||
| 300 |
_a146 p. : _b ill. ; _c26 cm. |
||
| 521 | _aEDU | ||
| 562 | _e2 | ||
| 942 |
_2lcc _cBK _kLOC |
||
| 999 |
_c18227 _d18227 |
||